00541nam a2200193 a 4500001001300000003000900013005001700022008004100039020002300080082001600103100002100119245006800140260004000208300000900248500003500257505001000292650002400302700002100326nice12345678IN_TiNIC20260116014137.0080624s2007 newa grp 000 0 eng  a8125031561 c39500a303.69bRAD aRadhakrishnan, R aBetween Identity and Locationb The Cultural Politics of Theory aNew Delhi bOrient Blackswan c2007 a249p aincludes index and biblioraphy2 aindex aConflict Resolution1 aRadhakrishnan, R